| 000 | 00000nam##2200000za#4500 |
| 001 | 9.610772 |
| 003 | CaOODSP |
| 005 | 20220111083404 |
| 007 | ta |
| 008 | 150406|1993||||xxc||||| f|0| 0 eng|d |
| 020 | |a0-662-20894-3 |
| 022 | |a1713-0638 |
| 040 | |aCaOODSP|beng |
| 043 | |an-cn--- |
| 086 | 1 |aNE22-1/1993-9E |
| 110 | 1 |aCanada. |bNational Energy Board. |
| 245 | 10|aTransCanada PipeLines Limited : |bapplication dated 18 December 1992, as amended 23 March and 28 May 1993 for 1994 and 1995 facilities |
| 260 | |aCalgary - Alberta : |bNational Energy Board |cSeptember, 1993. |
| 300 | |a64p. : |bfigs., tables ; |c28 cm. |
| 490 | 1 |aReasons for decision|x1713-0638 |
| 563 | |aSoftcover |
| 690 | 07|aPetroleum industry|2gcpds |
| 775 | 08|tTransCanada PipeLines Limited : |w(CaOODSP)9.622392 |
| 776 | 0#|tReasons for decision, TransCanada PipeLines Limited : |w(CaOODSP)9.572425 |
| 830 | #0|aReasons for decision (Canada. National Energy Board)|x1713-0638|w(CaOODSP)9.514808 |
| 986 | |aGH-2-93 |